书目信息 |
| 题名: |
加入关贸总协定后的中国企业
|
|
| 作者: | 武士国 著 ;本书编写组 编 | |
| 分册: | ||
| 出版信息: | 北京 改革出版社 1993.1 |
|
| 页数: | 319页 | |
| 开本: | 19cm | |
| 丛书名: | ||
| 单 册: | ||
| 中图分类: | F744 | |
| 科图分类: | ||
| 主题词: | 关税和贸易总协定-影响-企业--中国 , 对外贸易政策--中国 | |
| 电子资源: | ||
| ISBN: | 7-80072-428-X | |
| 000 | 00953nam0 2200253 45 | |
| 001 | 0193025507 | |
| 005 | 20060810150352.96 | |
| 010 | @a7-80072-428-X@dCNY6.00 | |
| 100 | @a19800101d1993 em y0chiy0121 ea | |
| 101 | 0 | @achi |
| 102 | @aCN@b110000 | |
| 105 | @ay z 000yy | |
| 200 | 10 | @a加入关贸总协定后的中国企业@AJIA RU GUAN MAO ZONG XIE DING HOU DE ZHONG GUO QI YE@e“入关”对策100问@E“ RU GUAN ” DUI CE 100 WEN@f武士国等著@FWU SHI GUO DENG ZHU@g《关贸总协定与中国企业》编写组编 |
| 210 | @a北京@c改革出版社@d1993.1 | |
| 215 | @a319页@d19cm | |
| 330 | @a本书内容包括:关贸总协定基础知识、“入关”对宏观经济的影响、“入关”对不同产业的影响及对策、国外经验借鉴。 | |
| 540 | 1 | @a关贸@AGUAN MAO |
| 606 | @a关税和贸易总协定-影响-企业@y中国 | |
| 606 | @a对外贸易政策@y中国 | |
| 690 | @aF744@v三版 | |
| 701 | 0 | @a武士国@AWU SHI GUO@4著 |
| 712 | A2 | @a本书编写组@ABEN SHU BIAN XIE ZU@4编 |
| 801 | 0 | @aCN@bTSSF@c20060810 |
| 905 | @a10447@dF744@e35 | |
| 加入关贸总协定后的中国企业:“入关”对策100问/武士国等著/《关贸总协定与中国企业》编写组编.-北京:改革出版社,1993.1 |
| 319页;19cm |
| ISBN 7-80072-428-X:CNY6.00 |
| 本书内容包括:关贸总协定基础知识、“入关”对宏观经济的影响、“入关”对不同产业的影响及对策、国外经验借鉴。 |
| ● |
| 相关链接 |
|
|
|
|
正题名:加入关贸总协定后的中国企业
索取号:F744/35
 
预约/预借
| 序号 | 登录号 | 条形码 | 馆藏地/架位号 | 状态 | 备注 |
| 1 | 0448468 | 204484682 | 密集书库/ [索取号:F744/35] | 在馆 |